000 00588nam a2200229Ia 4500
003 OSt
005 20220924115723.0
006 a|||||r|||| 00| 0
007 ta
008 220923b |||||||| |||| 00| 0 urd d
024 _a311552
037 _cTextual
040 _aARTS
_cARTS
_burd
041 _2urd
_aurd
082 _aO168,1:g, P6
100 _aAnwer Rais
_9179288
245 0 _aTanqueedi Goshay
260 _aDelhi
_bEducational India
_c2006
650 _aURDU POETRY
942 _hO168,1:g, P6
_cTEXL
_2CC
999 _c399560
_d399560